LIBRARY & INFORMATION CENTRE, KCAET, TAVANUR

ONLINE PUBLIC ACCESS CATALOGUE (OPAC)

Century of hydro power development in India / (Record no. 10287)

MARC details
000 -LEADER
fixed length control field 00440cam a2200157ua 4500
041 ## - LANGUAGE CODE
Language code of text/sound track or separate title eng
082 ## - DEWEY DECIMAL CLASSIFICATION NUMBER
Classification number 028.74627
Item number VAR/CE
100 ## - MAIN ENTRY--AUTHOR NAME
Personal name Varma, C.V.J.
245 ## - TITLE STATEMENT
Title Century of hydro power development in India /
260 ## - PUBLICATION, DISTRIBUTION, ETC. (IMPRINT)
Place of publication New Delhi :
Name of publisher Central Board of Irrigation and Power (CBIP) ,
Year of publication 1997.
300 ## - PHYSICAL DESCRIPTION
Number of Pages 447 ; .
700 1# - ADDED ENTRY--PERSONAL NAME
Personal name Jajana, B L .
942 ## - ADDED ENTRY ELEMENTS (KOHA)
Koha item type Books
Holdings
Withdrawn status Lost status Damaged status Home library Current library Date acquired Full call number Accession Number Koha item type
      KAUAET KAUAET 07/04/2012 028.74627 19809 Reference
free website counter